Super LCCS : Gale's Library of Congress Classification Schedules combined with additions and changes through 2004

Bibliographic Details
Format: Book
Published: New York : Thomson , c2005

MARC

LEADER 00000cam a2200000 7i4500
001 0000005660
005 20240103093000.0
020 |a 0787684295 
245 1 0 |a Super LCCS :   |b Gale's Library of Congress Classification Schedules combined with additions and changes through 2004 
260 2 |a New York :   |b Thomson ,   |c c2005 
999 |a 1000105510   |b Book   |c Reference   |e Gong Badak Campus 
999 |a 1000105511   |b Book   |c Reference   |e Gong Badak Campus 
999 |a 1000105512   |b Book   |c Reference   |e Gong Badak Campus 
999 |a 1000105513   |b Book   |c Reference   |e Gong Badak Campus 
999 |a 1000105514   |b Book   |c Reference   |e Gong Badak Campus 
999 |a 1000105515   |b Book   |c Reference   |e Gong Badak Campus 
999 |a 1000105516   |b Book   |c Reference   |e Gong Badak Campus 
999 |a 1000105517   |b Book   |c Reference   |e Gong Badak Campus 
999 |a 1000105518   |b Book   |c Reference   |e Gong Badak Campus 
999 |a 1000105519   |b Book   |c Reference   |e Gong Badak Campus 
999 |a 1000105520   |b Book   |c Reference   |e Gong Badak Campus 
999 |a 1000105521   |b Book   |c Reference   |e Gong Badak Campus 
999 |a 1000105522   |b Book   |c Reference   |e Gong Badak Campus 
999 |a 1000105523   |b Book   |c Reference   |e Gong Badak Campus 
999 |a 1000105524   |b Book   |c Reference   |e Gong Badak Campus 
999 |a 1000105525   |b Book   |c Reference   |e Gong Badak Campus 
999 |a 1000105526   |b Book   |c Reference   |e Gong Badak Campus 
999 |a 1000105527   |b Book   |c Reference   |e Gong Badak Campus 
999 |a 1000105528   |b Book   |c Reference   |e Gong Badak Campus 
999 |a 1000105529   |b Book   |c Reference   |e Gong Badak Campus 
999 |a 1000105530   |b Book   |c Reference   |e Gong Badak Campus 
999 |a 1000105531   |b Book   |c Reference   |e Gong Badak Campus 
999 |a 1000105532   |b Book   |c Reference   |e Gong Badak Campus 
999 |a 1000105533   |b Book   |c Reference   |e Gong Badak Campus 
999 |a 1000105534   |b Book   |c Reference   |e Gong Badak Campus 
999 |a 1000105535   |b Book   |c Reference   |e Gong Badak Campus 
999 |a 1000105536   |b Book   |c Reference   |e Gong Badak Campus 
999 |a 1000105537   |b Book   |c Reference   |e Gong Badak Campus 
999 |a 1000105538   |b Book   |c Reference   |e Gong Badak Campus 
999 |a 1000105539   |b Book   |c Reference   |e Gong Badak Campus 
999 |a 1000105540   |b Book   |c Reference   |e Gong Badak Campus 
999 |a 1000105541   |b Book   |c Reference   |e Gong Badak Campus 
999 |a 1000105542   |b Book   |c Reference   |e Gong Badak Campus 
999 |a 1000105543   |b Book   |c Reference   |e Gong Badak Campus 
999 |a 1000105544   |b Book   |c Reference   |e Gong Badak Campus 
999 |a 1000105545   |b Book   |c Reference   |e Gong Badak Campus 
999 |a 1000105546   |b Book   |c Reference   |e Gong Badak Campus 
999 |a 1000105547   |b Book   |c Reference   |e Gong Badak Campus 
999 |a 1000105548   |b Book   |c Reference   |e Gong Badak Campus 
999 |a 1000105549   |b Book   |c Reference   |e Gong Badak Campus